[Event "Krapina op 6th"]
[Site "Krapina"]
[Date "2016.01.24"]
[Round "7"]
[White "Mohr, Pablo"]
[Black "Osredecki, Vladimir"]
[Result "1-0"]
[WhiteElo "1536"]
[BlackElo "1563"]
[PlyCount "105"]
[EventDate "2016.01.21"]
[EventType "swiss"]
[EventRounds "7"]
[EventCountry "CRO"]
[SourceTitle "CBM 170 Extra"]
[Source "ChessBase"]
[SourceDate "2016.02.25"]
[SourceVersion "1"]
[SourceVersionDate "2016.02.25"]
[SourceQuality "1"]

1. e4 e5 2. Nf3 d6 3. d4 Qe7 4. dxe5 dxe5 5. Nc3 c6 6. Bc4 h6 7. h3 g6 8. Be3 Bg7 9. Qd2 Be6 10. Bb3 Nd7 11. 0-0-0 Bxb3 12. axb3 Nb6 13. Qd6 Qxd6 14. Rxd6 Ne7 15. Rhd1 0-0 16. Na4 Nec8 17. R6d3 Kh7 18. g4 Rb8 19. c4 Nxa4 20. bxa4 Nb6 21. Bxb6 axb6 22. Rd7 Kg8 23. Re7 Rfe8 24. Rdd7 Rxe7 25. Rxe7 f6 26. Nd2 Bf8 27. Rd7 Bc5 28. f3 Be3 29. Kc2 Kh8 30. Kd3 Bg5 31. Kc3 Kg8 32. b3 Bxd2+ 33. Kxd2 g5 34. Kc3 Kf8 35. Kb4 Kg8 36. Ka3 Kf8 37. b4 b5 38. cxb5 cxb5 39. axb5 b6 40. Kb3 Kg8 41. Kc4 Rc8+ 42. Kd5 Rc3 43. Rb7 Rxf3 44. Rxb6 Kg7 45. Rb7+ Kg6 46. b6 Rd3+ 47. Kc5 h5 48. Rb8 h4 49. b7 Rc3+ 50. Kb6 Rxh3 51. Rg8+ Kf7 52. b8Q Rd3 53. Qe8# 1-0

[Event "Krapina op 6th"]
[Site "Krapina"]
[Date "2016.01.21"]
[Round "1"]
[White "Skupnjak, Milan"]
[Black "Osredecki, Vladimir"]
[Result "1-0"]
[WhiteElo "1949"]
[BlackElo "1563"]
[PlyCount "117"]
[EventDate "2016.01.21"]
[EventType "swiss"]
[EventRounds "7"]
[EventCountry "CRO"]
[SourceTitle "CBM 170 Extra"]
[Source "ChessBase"]
[SourceDate "2016.02.25"]
[SourceVersion "1"]
[SourceVersionDate "2016.02.25"]
[SourceQuality "1"]

1. e4 d5 2. exd5 Qxd5 3. Nc3 Qa5 4. d3 e6 5. Bd2 c6 6. Nf3 Nf6 7. Ne4 Qd8 8. Nxf6+ Qxf6 9. Bc3 Qd8 10. g3 a5 11. Bg2 Bb4 12. Qd2 Na6 13. a3 Bxc3 14. Qxc3 f6 15. 0-0 0-0 16. b4 a4 17. Qd2 Nc7 18. c4 Bd7 19. Qc3 Rb8 20. Nd2 f5 21. Nf3 f4 22. Qe5 Rf5 23. Qe4 Ne8 24. Bh3 Rf6 25. Ng5 Rh6 26. Qxf4 Rf6 27. Qe4 Rh6 28. Bxe6+ Bxe6 29. Nxe6 Qd7 30. Nc5 Qh3 31. Qg2 b5 32. Qxh3 Rxh3 33. Rfe1 Nf6 34. Kg2 Rh6 35. h3 Rd8 36. Re7 Ne8 37. Rae1 Nd6 38. Nb7 Nxb7 39. Rxb7 Rh5 40. Ree7 Rg5 41. h4 Rg6 42. cxb5 cxb5 43. Rxb5 h5 44. Re3 Rgd6 45. Ra5 Rxd3 46. Rxd3 Rxd3 47. Rxa4 Rb3 48. Ra5 Kf7 49. b5 Ke7 50. a4 Rb4 51. Ra7+ Kf6 52. Ra6+ Ke7 53. b6 Kd6 54. a5 Kc6 55. Ra7 Rg4 56. Rc7+ Kd6 57. a6 g5 58. a7 Ra4 59. hxg5 1-0